Statistics for Země podle chybějících písmenek

Click here to take the quiz!

General Stats

  • This quiz has been taken 487 times
  • The average score is 10 of 16

Answer Stats

nápovědazemě% Correct
A _ M _ _ _ EARMÉNIE
88%
_ _ Ň _KEŇA
88%
G _ _ Z _ _GRUZIE
84%
_ A _ A _U _ YPARAGUAY
72%
_ U _ K _ E _ I _ T _ NTURKMENISTÁN
65%
_ E _ G _ EBELGIE
63%
_ A _ B _ D _ SBARBADOS
62%
_ U _ AKUBA
57%
_ Ý _ I _SÝRIE
56%
_ U _ H _ R _ K _BULHARSKO
53%
_ I _ Y _LIBYE
53%
_ Ě _ E _ K _NĚMECKO
53%
_U _ E _ B _ R _ K _LUCEMBURSKO
51%
_ I _ Ž _FIDŽI
48%
_ Z _ A _ LIZRAEL
48%
_ K _ Á _ O _EKVÁDOR
30%

Score Distribution

Percentile by Number Answered

Percent of People with Each Score

Your Score History

You have not taken this quiz